00783 2200265 4500001002100000005001700021008004100038035002500079040001200104082001000116084001800126100004000144245012400184250001000308260003100318300003800349650001200387700001500399700001800414700001900432850001200451990001800463990001800481990001800499INLIS00000000001795320160229102629.0  a0010-021600000001041 aYOPDYOG a398.2 aK 398.2 Sya L aSYAHLA VARELYA THREONIZZAHRA, 2002- aLa zelda's hotelc/ Syahla Varelya Threonizzahra ; ilustrasi M. Isnaeni ; penyunting Dadan Ramadhan dan Shinta Handini. aCat.1 aBandungbDAR ! Mizanc2014 a115 hlmb: ilus.c; 21 cm [3 eks. aDongeng aIsnaeni, M aDadan Ramadan aShinta Handini aYOPDYOG a27638-PD/B.15 a27639-PD/B.15 a27640-PD/B.15